00229nam a2200097Ia 4500008004100000100002400041245002000065260002200085942000700107999001700114190216s9999||||xx |||||||||||||| ||und|| aKrishan Warrier N V 0aSoapu Kumilagal bKerala Basha Inst cBK c37782d37782